000 00321nam a2200121Ia 4500
008 220204s9999 xx 000 0 und d
082 _a546.21
_bRAN
245 0 _aSinglet oxygen: Reactions with organic compounds and polymers
260 _aNew York
_bJohn Wiley
_c1978
700 _aB
700 _aRabek, J K
942 _cBK
999 _c29621
_d29621